000 00276nam a2200085Ia 4500
245 0 _a101 ways you can help save the planet before you're 12!
100 _a O'SULLIVAN, Joanne New York, [c.2009] 1st ed
_991016
942 _cBK
008 210825s9999 xx 000 0 und d
999 _c558091
_d558090